| 000 | 01221cam a2200301 a 4500 | ||
|---|---|---|---|
| 001 | 16843615 | ||
| 005 | 20170105102348.0 | ||
| 008 | 110625s2008 njua b 001 0 eng | ||
| 010 | _a 2011287084 | ||
| 020 | _a9780470383421 | ||
| 040 |
_aDLC _cDLC _dDLC |
||
| 042 | _apcc | ||
| 082 | _a 004.0151 | ||
| 100 | 1 |
_aJohnson, James L. _q(James Lee), _d1942- |
|
| 245 | 1 | 0 |
_aProbability and statistics for computer science _cJames L. Johnson |
| 260 |
_aHoboken, NJ : _bWiley Interscience, _cc2008. |
||
| 300 |
_axvi, 744 p. : _bill. ; _c25 cm. |
||
| 504 | _aIncludes bibliographical references (p. 733-738) and index. | ||
| 650 | 0 |
_aComputer science _xMathematics. |
|
| 650 | 0 | _aProbabilities. | |
| 650 | 0 |
_aMathematical statistics _xData processing. |
|
| 856 | 4 | 2 |
_3Contributor biographical information _uhttp://www.loc.gov/catdir/enhancements/fy1114/2011287084-b.html |
| 856 | 4 | 2 |
_3Publisher description _uhttp://www.loc.gov/catdir/enhancements/fy1114/2011287084-d.html |
| 856 | 4 | 1 |
_3Table of contents only _uhttp://www.loc.gov/catdir/enhancements/fy1114/2011287084-t.html |
| 906 |
_a7 _bcbc _corigcop _d2 _encip _f20 _gy-gencatlg |
||
| 942 |
_2ddc _cBK |
||
| 999 |
_c11783 _d11783 |
||